| 000 | 01205nam a2200313 i 4500 | ||
|---|---|---|---|
| 001 | 169058 | ||
| 003 | ES-MaACL | ||
| 005 | 20250804062629.0 | ||
| 008 | 080805s2003 sp a |||| | spa d | ||
| 020 | _a84-8103-340-5 | ||
| 080 | _a(038)=134.2'282(460.41) | ||
| 100 | 1 |
_aPérez Galdós, Benito, _d1843-1920 _990871 |
|
| 245 | 1 | 0 |
_aVoces canarias recopiladas por Galdós / _c[estudio crítico de Clara E. Hernández Cabrera y José A. Samper Padilla]. |
| 250 | _a1ª ed. | ||
| 260 |
_aLas Palmas de Gran Canaria : _bCabildo de Gran Canaria, _c2003. |
||
| 300 |
_a152 p. : _bil. col. ; _c23 cm. |
||
| 490 | 1 |
_aColección Galdós. _aDocumentos ; _v2 |
|
| 500 | _aÍndices. | ||
| 504 | _aReferencias bibliográficas. | ||
| 505 | 8 | _aReprod. del cuaderno galdosiano | |
| 600 | 1 | 4 |
_aPérez Galdós, Benito, _d1843-1920- _xLenguaje _990878 |
| 650 | 1 | 4 |
_aLengua española- _zCanarias- _vDiccionarios. _9160935 |
| 700 | 1 |
_aHernández Cabrera, Clara Eugenia. _9138144 |
|
| 700 | 1 |
_aSamper Padilla, José Antonio. _9138145 |
|
| 710 | 1 |
_aGran Canaria. _bCabildo Insular. _92264 |
|
| 830 | 0 |
_aColección Galdós. _aDocumentos ; _v2 _9189019 |
|
| 852 |
_aES-MaACL _jL-29522 |
||
| 999 |
_c169058 _d169058 |
||